| 000 | 00000cam 2200000zi 4500 |
| 001 | 9.894758 |
| 003 | CaOODSP |
| 005 | 20251223114250 |
| 006 | m o d f |
| 007 | cr cn||||||||| |
| 008 | 201216m20202021oncao o f000 0 eng d |
| 040 | |aCaOODSP|beng|erda|cCaOODSP |
| 043 | |an-cn--- |
| 086 | 1 |aP29-065-017-2020E-PDF |
| 245 | 00|aHelicopter passenger transportation suit systems. |
| 250 | |a[December 2020 edition]. |
| 264 | 1|aOttawa, Ontario : |bCanadian General Standards Board : |bStandards Council of Canada, |c2020, 2021. |
| 264 | 4|c©2020 |
| 300 | |a1 online resource (iv, 77 pages) : |billustrations, photographs. |
| 336 | |atext|btxt|2rdacontent |
| 337 | |acomputer|bc|2rdamedia |
| 338 | |aonline resource|bcr|2rdacarrier |
| 490 | 1 |aNational standard of Canada ; |vCAN/CGSB-65.17-2020 |
| 500 | |a"December 2020." |
| 500 | |a"Corrigendum No. 1, August 2021." |
| 500 | |a"Experience and excellence"--Cover. |
| 500 | |aSupersedes CAN/CGSB-65.17-2012. |
| 500 | |aIssued also in French under title: Combinaisons pour passagers d'hélicoptère. |
| 520 | |a"This standard applies to suit systems to be worn by helicopter passengers during transportation over water where thermal protection may be required"--Scope, page 1. |
| 650 | 0|aHelicopters|xSafety measures|xStandards|zCanada. |
| 650 | 0|aHelicopters|xEquipment and supplies|xStandards|zCanada. |
| 650 | 0|aImmersion suits|xStandards|zCanada. |
| 710 | 2 |aStandards Council of Canada, |eissuing body. |
| 710 | 2 |aCanadian General Standards Board, |eissuing body. |
| 775 | 08|tCombinaisons pour passagers d'hélicoptère.|w(CaOODSP)9.894759 |
| 794 | |tHelicopter passenger transportation suit systems / |b[December 2025 edition]|w(CaOODSP)9.957131 |
| 795 | |tHelicopter passenger transportation suit systems |b[April 2012 edition]|w(CaOODSP)9.839934 |
| 830 | #0|aNational standard of Canada ;|vCAN/CGSB-65.17-2020.|w(CaOODSP)9.507848 |
| 856 | 40|qPDF|s1.64 MB|uhttps://publications.gc.ca/collections/collection_2020/ongc-cgsb/P29-065-017-2020-eng.pdf|zCorrigendum |
| 856 | 40|qPDF|s1.64 MB|uhttps://publications.gc.ca/collections/collection_2021/ongc-cgsb/P29-065-017-2020-1-eng.pdf|zCorrigendum |
| 986 | |aICS 13.340.10 |